Communication in Business with Course Mate (Record no. 6997)
[ view plain ]
| 000 -LEADER | |
|---|---|
| fixed length control field | 00294nam a2200121Ia 4500 |
| 008 - FIXED-LENGTH DATA ELEMENTS--GENERAL INFORMATION | |
| fixed length control field | 191201s2019 xx 000 0 und d |
| 100 ## - MAIN ENTRY--PERSONAL NAME | |
| Personal name | OBER,Scot |
| 245 #0 - TITLE STATEMENT | |
| Title | Communication in Business with Course Mate |
| 260 ## - PUBLICATION, DISTRIBUTION, ETC. (IMPRINT) | |
| Name of publisher, distributor, etc | Cengage learning |
| Date of publication, distribution, etc | 2019 |
| 300 ## - PHYSICAL DESCRIPTION | |
| Extent | 550 |
| 650 ## - SUBJECT ADDED ENTRY--TOPICAL TERM | |
| Topical term or geographic name as entry element | MBA |
| 942 ## - ADDED ENTRY ELEMENTS (KOHA) | |
| Source of classification or shelving scheme | Dewey Decimal Classification |
| Koha item type | Text Books |
| Withdrawn status | Lost status | Source of classification or shelving scheme | Damaged status | Not for loan | Collection code | Home library | Current library | Date acquired | Source of acquisition | Cost, normal purchase price | Bill Number | Total Checkouts | Full call number | Acc. no. / Barcode | Date last seen | Date last borrowed | Actual Cost, discounted price | Bill Date | Koha item type |
|---|---|---|---|---|---|---|---|---|---|---|---|---|---|---|---|---|---|---|---|
| Dewey Decimal Classification | MBA | PIET C-LIBRARY | PIET C-LIBRARY | 21/07/2020 | Kirti Prakashan | 650.00 | IN 3907 | 3 | 658.45 OBC | 31076 | 23/12/2025 | 14/07/2025 | 455.00 | 18/05/2019 | Text Books | ||||
| Dewey Decimal Classification | MBA | PIET C-LIBRARY | PIET C-LIBRARY | 21/07/2020 | Kirti Prakashan | 650.00 | IN 3907 | 2 | 658.45 OBC | 31077 | 04/12/2023 | 17/11/2023 | 455.00 | 18/05/2019 | Text Books |